Recubrimientos electrolíticos (Record no. 63700)

MARC details
000 -LEADER
campo de control de longitud fija 00689nam a2200193 i 4500
001 - NÚMERO DE CONTROL
campo de control 63700
003 - IDENTIFICADOR DE NÚMERO DE CONTROL
campo de control ES-MaACL
005 - FECHA Y HORA DE LA ÚLTIMA TRANSACCIÓN
campo de control 20230906164939.0
007 - CAMPO FIJO DE DESCRIPCIÓN FÍSICA--INFORMACIÓN GENERAL
campo de control de longitud fija t|
008 - DATOS DE LONGITUD FIJA--INFORMACIÓN GENERAL
campo de control de longitud fija 031216s1955 sp ||||1| spa d
100 1# - ENTRADA PRINCIPAL--NOMBRE DE PERSONA
Nombre de persona Field, Samuel.
9 (RLIN) 50699
245 10 - MENCIÓN DEL TÍTULO
Título Recubrimientos electrolíticos
Resto del título : técnicas modernas y análisis de baños /
Mención de responsabilidad, etc. por Samuel Field y A. Dudley Weill ; versión por S. Terol Alonso.
260 ## - PUBLICACIÓN, DISTRIBUCIÓN, ETC.
Lugar de publicación, distribución, etc. Barcelona :
Nombre del editor, distribuidor, etc. Gustavo Gili,
Fecha de publicación, distribución, etc. 1955 (
Fabricante Imp. Escuela de la Casa Provincial de Caridad)
300 ## - DESCRIPCIÓN FÍSICA
Extensión 678 p. ;
Dimensiones 20 cm.
650 04 - PUNTO DE ACCESO ADICIONAL DE MATERIA--TÉRMINO DE MATERIA
Término de materia o nombre geográfico como elemento de entrada Galvanoplastia.
9 (RLIN) 13025
700 1# - ENTRADA AGREGADA--NOMBRE PERSONAL
Nombre de persona Weill, Dudley.
9 (RLIN) 116341
700 1# - ENTRADA AGREGADA--NOMBRE PERSONAL
Nombre de persona Terol Alonso, S.
9 (RLIN) 109760
852 ## - LOCALIZACIÓN
Ubicación ES-MaACL
Número de control de estantería C-9707
Sublocalización o colección R.37863
Holdings
Estatus retirado Estado de pérdida Estado de daño No para préstamo Biblioteca de origen Biblioteca actual Ubicación en estantería Fecha de adquisición Fuente de adquisición Total de préstamos Signatura topográfica completa Código de barras Visto por última vez Precio de reemplazo Tipo de ítem Koha
        Biblioteca del Ateneo de Madrid Biblioteca del Ateneo de Madrid Sala Palomar 17/01/2008     C-9707 1066760 23/02/2023 23/02/2023 Libro impreso